66 Nuevos experimentos para la pandilla científica / (Record no. 92)

MARC details
000 -CABECERA
campo de control de longitud fija 00779nam a2200253 a 4500
003 - IDENTIFICADOR DEL NÚMERO DE CONTROL
campo de control UPN
005 - FECHA Y HORA DE LA ÚLTIMA TRANSACCIÓN
campo de control 20251024063925.0
008 - ELEMENTOS DE LONGITUD FIJA--INFORMACIÓN GENERAL
campo de control de longitud fija 991125m19891995mx 000 0 spa u
020 ## - NÚMERO INTERNACIONAL NORMALIZADO PARA LIBROS
Número Internacional Estándar del Libro 968444043X
035 ## - NÚMERO DE CONTROL DEL SISTEMA
Número de control de sistema UPN01000000092
040 ## - FUENTE DE LA CATALOGACIÓN
Centro catalogador/agencia de origen UPN
Lengua de catalogación spa
Centro/agencia transcriptor UPN
049 ## - COLECCIÓN
Colección I
050 #4 - SIGNATURA TOPOGRÁFICA DE LA BIBLIOTECA DEL CONGRESO
Número de clasificación Q164
Número de documento/Ítem P77 1989
100 1# - ASIENTO PRINCIPAL--NOMBRE PERSONAL
Nombre de persona Profesor Cientifix [seud.]
245 10 - MENCIÓN DE TÍTULO
Título 66 Nuevos experimentos para la pandilla científica /
Mención de responsabilidad, etc. Profesor Cientifix ; il. Jacques Goldstyn ; tr. Angelines Torre.
250 ## - MENCIÓN DE EDICIÓN
Mención de edición 3a ed.
260 ## - PUBLICACIÓN, DISTRIBUCIÓN, ETC.
Lugar de publicación, distribución, etc. México :
Nombre del editor, distribuidor, etc. Alhambra Mexicana :
-- CONACYT,
Fecha de publicación, distribución, etc. 1989 (1995 impr.).
300 ## - DESCRIPCIÓN FÍSICA
Extensión 139 p. :
Otras características físicas il.
440 #3 - MENCIÓN DE SERIE/ASIENTO SECUNDARIO--TÍTULO
Título La pandilla científica
650 #4 - ASIENTO SECUNDARIO DE MATERIA - TERMINO TEMATICO
Término de materia o nombre geográfico como elemento de entrada Ciencia
Subdivisión general Experimentos
9 (RLIN) 5900
650 #2 - ASIENTO SECUNDARIO DE MATERIA - TERMINO TEMATICO
Término de materia o nombre geográfico como elemento de entrada Ciencia
Subdivisión de forma Literatura juvenil
9 (RLIN) 6801
905 ## - TIPO DE MATERIAL
Tipo de material Infantil
942 ## - ELEMENTOS DE PUNTO DE ACCESO ADICIONAL (KOHA)
Fuente del sistema de clasificación o colocación Library of Congress Classification
Tipo de ítem Koha Libro
Holdings
Estado de retiro Estado de pérdida Fuente del sistema de clasificación o colocación Estado dañado No para préstamo Código de colección Localización permanente Ubicación/localización actual Ubicación en estantería Fecha de adquisición Clasificación Código de barras Fecha visto por última vez Número de copia Tipo de ítem Koha Total de préstamos
    Library of Congress Classification     Infantil Bib. Gregorio Torres Quintero Bib. Gregorio Torres Quintero Sala infantil Planta baja 10/05/2023 Q164 P77 1989 153394 31/12/2020 1 Libro  
    Library of Congress Classification     Infantil Bib. Gregorio Torres Quintero Bib. Gregorio Torres Quintero Sala infantil Planta baja 10/05/2023 Q164 P77 1989 153395 31/12/2020 1 Libro 2